[Event "First  Saturday 2011 november GM"]
[Site "Budapest"]
[Date "2011.11.05"]
[Round "1.1"]
[White "Maximov, Dimitry"]
[Black "Arnold, Marc T"]
[Result "0-1"]
[WhiteElo "2492"]
[BlackElo "2504"]
[PlyCount "88"]
[EventDate "2011.11.05"]

1. e4 c5 2. Nf3 e6 3. c3 Nf6 4. e5 Nd5 5. d4 cxd4 6. cxd4 d6 7. a3 Bd7 8. Bd3
Bc6 9. O-O Nd7 10. Qe2 Qb6 11. Nc3 Be7 12. exd6 Bxd6 13. Ne4 Be7 14. b4 a6 15.
Nc5 Bb5 16. Bg5 Bxg5 17. Nxg5 Bxd3 18. Qxd3 N7f6 19. Rfe1 Qa7 20. Ncxe6 fxe6
21. Nxe6 Kf7 22. Ng5+ Kg8 23. Qf5 g6 24. Qh3 b5 25. Re5 h6 26. Ne6 Kf7 27. Rc1
Rae8 28. Rc6 Qb7 29. Rd6 Qc8 30. g3 Re7 31. f4 Rhe8 32. f5 Qc1+ 33. Qf1 Qxf1+
34. Kxf1 gxf5 35. Nd8+ Kg7 36. Nc6 Rc7 37. Nd8 Rce7 38. Ne6+ Kg6 39. Rxa6 Kh7
40. Kg2 Ng4 41. Nf8+ Rxf8 42. Rxe7+ Nxe7 43. Rb6 Ra8 44. Rb7 Ne3+ 0-1

[Event "First  Saturday 2011 november GM"]
[Site "Budapest"]
[Date "2011.11.05"]
[Round "1.1"]
[White "Goh, Wei Ming Kevin"]
[Black "Ilincic, Zlatko"]
[Result "0-1"]
[WhiteElo "2543"]
[BlackElo "2447"]
[PlyCount "68"]
[EventDate "2011.11.05"]

1. e4 c5 2. Nf3 d6 3. d4 cxd4 4. Nxd4 Nf6 5. Nc3 a6 6. Qf3 h5 7. Bg5 Qa5 8.
Bxf6 gxf6 9. Nb3 Qd8 10. Be2 Nc6 11. Qe3 b5 12. O-O-O Rb8 13. Nd5 e6 14. Qc3
Ne5 15. f4 Bh6 16. Kb1 b4 17. Nxb4 Bxf4 18. g3 Bh6 19. Bxh5 Qb6 20. Nd3 Be3 21.
g4 Bb7 22. Nxe5 fxe5 23. Rhe1 Bf4 24. Na5 O-O 25. Nc4 Qc7 26. Qd3 d5 27. exd5
Bxd5 28. Ne3 Qb7 29. b3 Be4 30. Qd7 Qb4 31. Qd2 Qc5 32. Ka1 Rbd8 33. Qxd8 Qc3+
34. Kb1 Rxd8 0-1

[Event "First  Saturday 2011 november GM"]
[Site "Budapest"]
[Date "2011.11.05"]
[Round "1.1"]
[White "Hunt, Adam C"]
[Black "Inants, Aghasi"]
[Result "1-0"]
[WhiteElo "2458"]
[BlackElo "2288"]
[PlyCount "39"]
[EventDate "2011.11.05"]

1. e4 c5 2. Nf3 e6 3. d4 cxd4 4. Nxd4 a6 5. Bd3 Nf6 6. O-O d6 7. c4 Be7 8. Nc3
Qc7 9. Be3 Nbd7 10. Rc1 b6 11. f4 Bb7 12. f5 Nc5 13. fxe6 fxe6 14. Bc2 Bc8 15.
b4 Nb7 16. Ba4+ Kf7 17. Qh5+ Kg8 18. Rxf6 gxf6 19. Rf1 Bf8 20. Rxf6 1-0

[Event "First  Saturday 2011 november GM"]
[Site "Budapest"]
[Date "2011.11.06"]
[Round "1.2"]
[White "Arnold, Marc T"]
[Black "Inants, Aghasi"]
[Result "1-0"]
[WhiteElo "2504"]
[BlackElo "2288"]
[PlyCount "47"]
[EventDate "2011.11.05"]

1. d4 Nf6 2. c4 e6 3. Nc3 d5 4. cxd5 exd5 5. Bg5 Be7 6. e3 Nbd7 7. Bd3 O-O 8.
Nge2 c5 9. O-O b6 10. Ng3 g6 11. f4 Bb7 12. Qf3 Kg7 13. f5 Ng8 14. Bf4 Bf6 15.
fxg6 fxg6 16. Nh5+ gxh5 17. Qxh5 Rf7 18. Qxh7+ Kf8 19. Qh5 Ne7 20. Nb5 Nc8 21.
Nc7 Qe7 22. Bh6+ Kg8 23. Qg6+ Kh8 24. Rf3 1-0

[Event "First  Saturday 2011 november GM"]
[Site "Budapest"]
[Date "2011.11.06"]
[Round "1.2"]
[White "Czebe, Attila"]
[Black "Hunt, Adam C"]
[Result "1-0"]
[WhiteElo "2503"]
[BlackElo "2458"]
[PlyCount "71"]
[EventDate "2011.11.05"]

1. e4 c5 2. Nf3 d6 3. d4 cxd4 4. Nxd4 Nf6 5. Nc3 a6 6. Qe2 e5 7. Nf5 g6 8. Ne3
Be6 9. Ned5 Nxd5 10. exd5 Bc8 11. h4 Bg7 12. h5 f5 13. Qe3 Nd7 14. hxg6 hxg6
15. Rxh8+ Bxh8 16. Qh6 Kf7 17. Bg5 Nf6 18. O-O-O Bd7 19. f3 Qa5 20. Qh4 b5 21.
a3 Rc8 22. Qe1 Qb6 23. Na2 Qc7 24. Qf2 a5 25. Kb1 Rb8 26. Bd2 b4 27. axb4 Nxd5
28. bxa5 e4 29. c3 e3 30. Bxe3 Nxc3+ 31. Nxc3 Qxc3 32. Bc1 Qxa5 33. Bc4+ Be6
34. Bxe6+ Kxe6 35. Qg3 Kf7 36. Rxd6 1-0

[Event "First  Saturday 2011 november GM"]
[Site "Budapest"]
[Date "2011.11.06"]
[Round "1.2"]
[White "Ilincic, Zlatko"]
[Black "Battey, Alexander"]
[Result "1-0"]
[WhiteElo "2447"]
[BlackElo "2336"]
[PlyCount "87"]
[EventDate "2011.11.05"]

1. d4 Nf6 2. c4 e6 3. Nf3 b6 4. g3 Bb7 5. Bg2 Be7 6. O-O O-O 7. Nc3 Ne4 8. Qc2
Nxc3 9. Qxc3 c5 10. Be3 Qc7 11. Rfd1 d6 12. Rac1 Nd7 13. b4 Rac8 14. a4 cxb4
15. Qxb4 Nb8 16. Qb1 h6 17. a5 Nd7 18. axb6 axb6 19. d5 e5 20. Bh3 Rb8 21. Rd2
Nc5 22. Rb2 Ba6 23. Rb4 Bc8 24. Bxc8 Rfxc8 25. Rc2 Nd7 26. Rcb2 Bd8 27. Nd2 Bg5
28. Bxg5 hxg5 29. Qf5 f6 30. h4 gxh4 31. gxh4 Nc5 32. h5 Re8 33. Ne4 Nxe4 34.
Qxe4 Rb7 35. R2b3 Rf8 36. Qf5 Qc8 37. Qg6 Qc5 38. h6 Rff7 39. Ra4 Qc8 40. Rba3
Rf8 41. Rg3 Rff7 42. c5 bxc5 43. Rh4 Qf8 44. Qh7+ 1-0

[Event "First  Saturday 2011 november GM"]
[Site "Budapest"]
[Date "2011.11.06"]
[Round "1.2"]
[White "Maximov, Dimitry"]
[Black "Goh, Wei Ming Kevin"]
[Result "1-0"]
[WhiteElo "2492"]
[BlackElo "2543"]
[PlyCount "61"]
[EventDate "2011.11.05"]

1. e4 c6 2. Nf3 d5 3. Nc3 Nf6 4. e5 Ne4 5. Ne2 Qb6 6. d4 e6 7. Ng3 c5 8. Bd3
cxd4 9. Nxe4 dxe4 10. Bxe4 Bb4+ 11. Kf1 Nd7 12. Kg1 f6 13. exf6 Nxf6 14. Bd3
O-O 15. Qe2 Bd6 16. Ng5 e5 17. Bc4+ Kh8 18. Nf7+ Rxf7 19. Bxf7 Bg4 20. Qe1 Rf8
21. Bb3 h6 22. Bd2 e4 23. h3 Bd7 24. Ba5 Qc5 25. a3 Qf5 26. Bb4 Ne8 27. Rd1
Bxb4 28. axb4 Qe5 29. c3 Bc6 30. Rxd4 Qf6 31. Bd5 {after 6 move} 1-0

[Event "First  Saturday 2011 november GM"]
[Site "Budapest"]
[Date "2011.11.07"]
[Round "1.3"]
[White "Goh, Wei Ming Kevin"]
[Black "Arnold, Marc T"]
[Result "1/2-1/2"]
[WhiteElo "2543"]
[BlackElo "2504"]
[PlyCount "35"]
[EventDate "2011.11.05"]

1. e4 c5 2. Nf3 d6 3. d4 cxd4 4. Nxd4 Nf6 5. Nc3 a6 6. Bg5 e6 7. f4 h6 8. Bh4
Qb6 9. Qd2 Qxb2 10. Rb1 Qa3 11. f5 Be7 12. fxe6 fxe6 13. Bc4 Nxe4 14. Nxe4
Bxh4+ 15. g3 d5 16. Nxe6 Bxe6 17. Bxd5 O-O 18. Bxe6+ 1/2-1/2

[Event "First  Saturday 2011 november GM"]
[Site "Budapest"]
[Date "2011.11.07"]
[Round "1.3"]
[White "Hunt, Adam C"]
[Black "Ilincic, Zlatko"]
[Result "1-0"]
[WhiteElo "2458"]
[BlackElo "2447"]
[PlyCount "87"]
[EventDate "2011.11.05"]

1. e4 c5 2. Nf3 d6 3. d4 cxd4 4. Nxd4 Nf6 5. Nc3 a6 6. Bc4 e6 7. Bb3 h5 8. O-O
Nc6 9. Kh1 Qb6 10. Nxc6 bxc6 11. Be3 Qc7 12. f4 a5 13. Qf3 Ba6 14. Rfe1 Ng4 15.
Bg1 Be7 16. e5 d5 17. Na4 O-O 18. Nc5 Rfb8 19. a4 Rb4 20. f5 exf5 21. Nxa6 Rxa6
22. h3 Qc8 23. Qc3 Qe6 24. Qd3 Ra8 25. hxg4 hxg4 26. g3 Rd8 27. Rad1 g5 28. Re2
Kg7 29. Rh2 Rh8 30. Rxh8 Kxh8 31. Rf1 Re4 32. c3 Kg7 33. Bc2 c5 34. c4 Qh6+ 35.
Bh2 dxc4 36. Qd2 Rd4 37. Qg2 f4 38. gxf4 gxf4 39. Qxg4+ Kf8 40. Rg1 Ke8 41. Be4
Rd2 42. Qc8+ Bd8 43. Rg8+ Ke7 44. Qxc5+ 1-0

[Event "First  Saturday 2011 november GM"]
[Site "Budapest"]
[Date "2011.11.07"]
[Round "1.3"]
[White "Inants, Aghasi"]
[Black "Czebe, Attila"]
[Result "1/2-1/2"]
[WhiteElo "2288"]
[BlackElo "2503"]
[PlyCount "48"]
[EventDate "2011.11.05"]

1. d4 Nf6 2. c4 d6 3. Nc3 g6 4. e4 Bg7 5. Nf3 O-O 6. Be2 c6 7. O-O a6 8. Rb1 b5
9. b4 Bg4 10. cxb5 axb5 11. d5 cxd5 12. exd5 Qb6 13. Be3 Qb7 14. Bd4 Rc8 15. h3
Bxf3 16. Bxf3 Ne8 17. Bxg7 Nxg7 18. Qd2 Na6 19. Be2 Nc7 20. Rbc1 Nge8 21. Bg4
Rd8 22. Rfe1 Na6 23. Qe2 Nf6 24. Bf3 Nxb4 1/2-1/2

[Event "First  Saturday 2011 november GM"]
[Site "Budapest"]
[Date "2011.11.08"]
[Round "1.4"]
[White "Arnold, Marc T"]
[Black "Czebe, Attila"]
[Result "1/2-1/2"]
[WhiteElo "2504"]
[BlackElo "2503"]
[PlyCount "23"]
[EventDate "2011.11.05"]

1. d4 d6 2. Nf3 g6 3. g3 Bg7 4. Bg2 e5 5. dxe5 dxe5 6. Qxd8+ Kxd8 7. Nc3 h6 8.
Be3 Be6 9. Nd2 c6 10. Nde4 Nd7 11. O-O-O Kc7 12. Nc5 1/2-1/2

[Event "First  Saturday 2011 november GM"]
[Site "Budapest"]
[Date "2011.11.08"]
[Round "1.4"]
[White "Ilincic, Zlatko"]
[Black "Inants, Aghasi"]
[Result "1-0"]
[WhiteElo "2447"]
[BlackElo "2288"]
[PlyCount "71"]
[EventDate "2011.11.05"]

1. d4 Nf6 2. c4 e6 3. Nf3 d5 4. g3 Bb4+ 5. Bd2 Be7 6. Qc2 O-O 7. Bg2 Nbd7 8.
O-O c6 9. b4 b6 10. a4 Ne4 11. Be1 a5 12. b5 Bb7 13. bxc6 Bxc6 14. cxd5 Bxd5
15. Nfd2 Nxd2 16. Nxd2 Bxg2 17. Kxg2 Nf6 18. Nf3 Qd5 19. Bd2 Ne4 20. Rfc1 Rfd8
21. Be3 Rab8 22. Qc6 f6 23. Bf4 Rb7 24. h4 Kf7 25. Rc2 b5 26. axb5 Rxb5 27.
Qxd5 Rdxd5 28. Rc7 Kf8 29. Ra7 Rb2 30. Rc1 Bd8 31. Ng1 Rxd4 32. Rc8 e5 33. Be3
Rd5 34. f3 Nd2 35. Bc5+ Kg8 36. Be7 1-0

[Event "First  Saturday 2011 november GM"]
[Site "Budapest"]
[Date "2011.11.08"]
[Round "1.4"]
[White "Maximov, Dimitry"]
[Black "Hunt, Adam C"]
[Result "1/2-1/2"]
[WhiteElo "2492"]
[BlackElo "2458"]
[PlyCount "84"]
[EventDate "2011.11.05"]

1. e4 c5 2. Nf3 d6 3. c3 Nf6 4. Bc4 Nc6 5. d3 a6 6. Bb3 Bg4 7. Nbd2 e6 8. O-O
Be7 9. h3 Bh5 10. Qe1 d5 11. Bc2 Qc7 12. Nh2 g5 13. exd5 Nxd5 14. Ne4 h6 15. d4
cxd4 16. Ng3 Nf6 17. Nxh5 Nxh5 18. Be4 Nf6 19. Bxc6+ Qxc6 20. cxd4 Nd5 21. Ng4
Rd8 22. f4 Qb6 23. Qf2 gxf4 24. Kh1 Bd6 25. b3 h5 26. Nh2 Rg8 27. Nf3 Rc8 28.
Bd2 Kd7 29. Qh4 Qd8 30. Qxh5 Qf6 31. Rac1 Rh8 32. Qg5 Qxg5 33. Nxg5 Rxc1 34.
Bxc1 f6 35. Ne4 Rh4 36. Rf3 Be7 37. Kg1 e5 38. dxe5 fxe5 39. Rd3 Ke6 40. Kf2
Rh8 41. Kf3 Rc8 42. Bb2 Rc2 1/2-1/2

[Event "First  Saturday 2011 november GM"]
[Site "Budapest"]
[Date "2011.11.08"]
[Round "1.4"]
[White "Goh, Wei Ming Kevin"]
[Black "Battey, Alexander"]
[Result "1/2-1/2"]
[WhiteElo "2543"]
[BlackElo "2336"]
[PlyCount "26"]
[EventDate "2011.11.05"]

1. e4 c6 2. d4 d5 3. e5 c5 4. dxc5 e6 5. Nf3 Bxc5 6. Bd3 Nc6 7. O-O f6 8. Bb5
Nge7 9. exf6 gxf6 10. c4 a6 11. cxd5 axb5 12. dxc6 Qxd1 13. Rxd1 bxc6 1/2-1/2

[Event "First  Saturday 2011 november GM"]
[Site "Budapest"]
[Date "2011.11.09"]
[Round "1.5"]
[White "Hunt, Adam C"]
[Black "Goh, Wei Ming Kevin"]
[Result "1/2-1/2"]
[WhiteElo "2458"]
[BlackElo "2543"]
[PlyCount "83"]
[EventDate "2011.11.05"]

1. e4 c6 2. d4 d5 3. exd5 cxd5 4. c4 Nf6 5. Nc3 Nc6 6. Bg5 dxc4 7. d5 Ne5 8.
Qd4 h6 9. Bf4 Ng6 10. Bxc4 Nxf4 11. Qxf4 g5 12. Qd2 a6 13. Nf3 Bg7 14. O-O O-O
15. Rfe1 Re8 16. Rad1 Qd6 17. h3 b5 18. Bb3 Bd7 19. Qe3 Rac8 20. Ne5 Bf5 21.
Nc6 Kf8 22. Nd4 Bg6 23. Qf3 Nd7 24. Ne6+ Kg8 25. Nxg7 Kxg7 26. Ne4 Bxe4 27.
Qxe4 Nc5 28. Qd4+ Qf6 29. Qxf6+ Kxf6 30. d6 Rcd8 31. dxe7 Rxe7 32. Bc2 Rxe1+
33. Rxe1 Rd2 34. Rc1 Ne6 35. Kf1 Nd4 36. Rd1 Rxc2 37. Rxd4 Ke5 38. Rd3 Rxb2 39.
Ra3 h5 40. Rxa6 f6 41. g4 hxg4 42. hxg4 1/2-1/2

[Event "First  Saturday 2011 november GM"]
[Site "Budapest"]
[Date "2011.11.09"]
[Round "1.5"]
[White "Inants, Aghasi"]
[Black "Maximov, Dimitry"]
[Result "1-0"]
[WhiteElo "2288"]
[BlackElo "2492"]
[PlyCount "75"]
[EventDate "2011.11.05"]

1. d4 Nf6 2. c4 g6 3. Nc3 Bg7 4. e4 d6 5. Nf3 O-O 6. Be2 e5 7. O-O Nc6 8. d5
Ne7 9. Ne1 Nd7 10. Nd3 f5 11. Bd2 Nf6 12. f3 f4 13. c5 g5 14. cxd6 cxd6 15. Nf2
Ng6 16. Qc2 h5 17. h3 Rf7 18. Rfc1 Rc7 19. Qd1 Bf8 20. a4 Rg7 21. Ra3 Nh4 22.
Nb1 Qe8 23. Be1 Qg6 24. Nd2 Kh8 25. Rac3 Bd7 26. Rc7 Qe8 27. b3 Rb8 28. a5 Be7
29. a6 bxa6 30. Rxa7 Qg8 31. Rc3 a5 32. Nc4 a4 33. bxa4 g4 34. fxg4 hxg4 35.
hxg4 Bxg4 36. Bxg4 Rxg4 37. Nxg4 Nxg4 38. Rh3 1-0

[Event "First  Saturday 2011 november GM"]
[Site "Budapest"]
[Date "2011.11.09"]
[Round "1.5"]
[White "Czebe, Attila"]
[Black "Ilincic, Zlatko"]
[Result "1/2-1/2"]
[WhiteElo "2503"]
[BlackElo "2447"]
[PlyCount "31"]
[EventDate "2011.11.05"]

1. d4 d5 2. c4 e6 3. Nc3 Nf6 4. cxd5 exd5 5. Bg5 c6 6. e3 Be7 7. Bd3 O-O 8. Qc2
Nbd7 9. Nf3 Re8 10. O-O Nf8 11. Rab1 a5 12. a3 g6 13. b4 axb4 14. axb4 Ne6 15.
Bh4 Ng7 16. b5 1/2-1/2

[Event "First  Saturday 2011 november GM"]
[Site "Budapest"]
[Date "2011.11.10"]
[Round "1.6"]
[White "Arnold, Marc T"]
[Black "Ilincic, Zlatko"]
[Result "1/2-1/2"]
[WhiteElo "2504"]
[BlackElo "2447"]
[PlyCount "75"]
[EventDate "2011.11.05"]

1. d4 Nf6 2. c4 e6 3. Nc3 d5 4. cxd5 exd5 5. Bg5 c6 6. e3 Nbd7 7. Bd3 Be7 8.
Qc2 Nh5 9. Bxe7 Qxe7 10. Nge2 g6 11. O-O-O f5 12. h3 Ndf6 13. Ng1 Be6 14. Nf3
Nd7 15. g4 Ng7 16. g5 Qd6 17. Nh4 Bf7 18. f4 h6 19. gxh6 Rxh6 20. Nf3 Ke7 21.
Qg2 Rah8 22. Kb1 Ne6 23. Ne2 Be8 24. Nc1 Kd8 25. Bc2 Qe7 26. Nd3 Qh7 27. Qd2
Rxh3 28. Nf2 Rxh1 29. Rxh1 Qg7 30. Rg1 Qe7 31. Qa5+ Nc7 32. Ne5 Nxe5 33. dxe5
a6 34. Nd3 Kc8 35. Qb6 Ne6 36. Rc1 Qc7 37. Qa7 Qb8 38. Qb6 1/2-1/2

[Event "First  Saturday 2011 november GM"]
[Site "Budapest"]
[Date "2011.11.10"]
[Round "1.6"]
[White "Maximov, Dimitry"]
[Black "Czebe, Attila"]
[Result "1/2-1/2"]
[WhiteElo "2492"]
[BlackElo "2503"]
[PlyCount "35"]
[EventDate "2011.11.05"]

1. e4 c5 2. Nf3 Nc6 3. Bb5 e6 4. O-O Nge7 5. Re1 Ng6 6. c3 Be7 7. d4 cxd4 8.
cxd4 d5 9. Qa4 O-O 10. exd5 exd5 11. h3 Bd7 12. Nc3 a6 13. Bxc6 Bxc6 14. Qb3 b5
15. a3 Qd7 16. Bd2 a5 17. Ne2 Bd6 18. Nc1 1/2-1/2

[Event "First  Saturday 2011 november GM"]
[Site "Budapest"]
[Date "2011.11.10"]
[Round "1.6"]
[White "Goh, Wei Ming Kevin"]
[Black "Inants, Aghasi"]
[Result "1-0"]
[WhiteElo "2543"]
[BlackElo "2288"]
[PlyCount "73"]
[EventDate "2011.11.05"]

1. e4 c5 2. Nf3 Nf6 3. Nc3 d5 4. exd5 Nxd5 5. Bb5+ Bd7 6. Ne5 Nf6 7. Nxd7 Nbxd7
8. d4 cxd4 9. Qxd4 a6 10. Be2 e6 11. O-O Bc5 12. Qf4 O-O 13. Bf3 Rb8 14. Qg3
Re8 15. Bf4 e5 16. Bg5 Qc7 17. Rad1 Be7 18. Rfe1 Bd8 19. Bh6 g6 20. h4 Qc4 21.
h5 e4 22. hxg6 hxg6 23. Nxe4 Nxe4 24. Bxe4 Rxe4 25. Rxe4 Qxe4 26. Rxd7 Rc8 27.
Qe3 Qxe3 28. Bxe3 Bc7 29. c4 Kf8 30. Bc5+ Kg7 31. b4 Kf6 32. Bd6 Bxd6 33. Rxd6+
Ke5 34. c5 a5 35. a3 axb4 36. axb4 Rc6 37. f4+ 1-0

[Event "First  Saturday 2011 november GM"]
[Site "Budapest"]
[Date "2011.11.10"]
[Round "1.6"]
[White "Battey, Alexander"]
[Black "Hunt, Adam C"]
[Result "1/2-1/2"]
[WhiteElo "2336"]
[BlackElo "2458"]
[PlyCount "101"]
[EventDate "2011.11.05"]

1. e4 c5 2. Nf3 d6 3. d4 cxd4 4. Nxd4 Nf6 5. Nc3 a6 6. Be3 e5 7. Nf3 Be7 8. Bc4
O-O 9. O-O h6 10. Nh4 Nc6 11. Ng6 Re8 12. Qf3 Be6 13. Bxe6 fxe6 14. Qh3 Kh7 15.
Nxe7 Qxe7 16. f4 b5 17. a3 Rac8 18. Rf2 exf4 19. Bxf4 Ne5 20. Raf1 Nfg4 21. Re2
Rf8 22. g3 Qa7+ 23. Kh1 Qf7 24. Ree1 Qg6 25. Qg2 Nc4 26. Nd1 Rf7 27. Bc1 Rcf8
28. Rf4 e5 29. Rxf7 Qxf7 30. b3 Nb6 31. Be3 Nd7 32. Bg1 Nc5 33. Bxc5 dxc5 34.
h3 Nf2+ 35. Kg1 Nxd1 36. Rxd1 c4 37. Rf1 Qa7+ 38. Kh1 Qe7 39. Rxf8 Qxf8 40. b4
c3 41. Kg1 Qd6 42. Qf3 Qd4+ 43. Kf1 Kg8 44. Qe2 Kh7 45. Qf3 Kg8 46. Qe2 Qd7 47.
h4 Kh7 48. Qf3 Qd2 49. Qf5+ Kg8 50. Qc8+ Kh7 51. Qf5+ 1/2-1/2

[Event "First  Saturday 2011 november GM"]
[Site "Budapest"]
[Date "2011.11.11"]
[Round "1.7"]
[White "Hunt, Adam C"]
[Black "Arnold, Marc T"]
[Result "1/2-1/2"]
[WhiteElo "2458"]
[BlackElo "2504"]
[PlyCount "50"]
[EventDate "2011.11.05"]

1. e4 e6 2. d4 d5 3. Nc3 Bb4 4. e5 c5 5. a3 Bxc3+ 6. bxc3 Ne7 7. h4 Qa5 8. Bd2
Qa4 9. h5 Nbc6 10. Rb1 c4 11. h6 g6 12. Qc1 O-O 13. Bg5 f5 14. exf6 Nf5 15. Nf3
Qa5 16. Rb4 Nxb4 17. axb4 Qb6 18. Ne5 Rf7 19. Be2 a5 20. Nxf7 Kxf7 21. bxa5
Qxa5 22. O-O Nd6 23. Bd2 Bd7 24. Bf3 Qa3 25. Qe1 Nb5 1/2-1/2

[Event "First  Saturday 2011 november GM"]
[Site "Budapest"]
[Date "2011.11.11"]
[Round "1.7"]
[White "Inants, Aghasi"]
[Black "Battey, Alexander"]
[Result "1-0"]
[WhiteElo "2288"]
[BlackElo "2336"]
[PlyCount "81"]
[EventDate "2011.11.05"]

1. e4 c5 2. Nf3 e6 3. Nc3 a6 4. g3 b5 5. d4 cxd4 6. Nxd4 Bb7 7. Bg2 Nf6 8. O-O
d6 9. Re1 b4 10. Nd5 e5 11. Bg5 Nbd7 12. Nf5 g6 13. Nfe3 h6 14. Bxf6 Nxf6 15.
Nxb4 Be7 16. Ned5 O-O 17. Nxe7+ Qxe7 18. Qd2 a5 19. Nd5 Bxd5 20. exd5 Kg7 21.
a3 Qa7 22. b3 Nd7 23. Bf1 Rab8 24. b4 f5 25. c4 f4 26. Bh3 fxg3 27. hxg3 Nf6
28. Rab1 h5 29. Qe3 Qc7 30. Be6 h4 31. c5 hxg3 32. fxg3 axb4 33. axb4 Ra8 34.
Ra1 Qb7 35. Qd2 Ne4 36. Qe3 Rxa1 37. Rxa1 Qxb4 38. Ra7+ Kf6 39. Qf3+ Kg5 40.
Qg4+ Kf6 41. Qh4+ 1-0

[Event "First  Saturday 2011 november GM"]
[Site "Budapest"]
[Date "2011.11.11"]
[Round "1.7"]
[White "Czebe, Attila"]
[Black "Goh, Wei Ming Kevin"]
[Result "1/2-1/2"]
[WhiteElo "2503"]
[BlackElo "2543"]
[PlyCount "21"]
[EventDate "2011.11.05"]

1. e4 e6 2. d4 d5 3. Nc3 Bb4 4. exd5 exd5 5. Bd3 Nf6 6. Nge2 O-O 7. O-O c6 8.
h3 Re8 9. Ng3 Nbd7 10. Qf3 Nf8 11. Bg5 1/2-1/2

[Event "First  Saturday 2011 november GM"]
[Site "Budapest"]
[Date "2011.11.11"]
[Round "1.7"]
[White "Ilincic, Zlatko"]
[Black "Maximov, Dimitry"]
[Result "1/2-1/2"]
[WhiteElo "2447"]
[BlackElo "2492"]
[PlyCount "28"]
[EventDate "2011.11.05"]

1. e4 c5 2. Nf3 d6 3. c3 Nf6 4. Be2 g6 5. O-O Bg7 6. Re1 O-O 7. Bf1 Bg4 8. h3
Bxf3 9. Qxf3 Nc6 10. d3 b5 11. d4 cxd4 12. Bxb5 Ne5 13. Qd1 dxc3 14. Nxc3 Qb6
1/2-1/2

[Event "First  Saturday 2011 november GM"]
[Site "Budapest"]
[Date "2011.11.12"]
[Round "2.1"]
[White "Arnold, Marc T"]
[Black "Maximov, Dimitry"]
[Result "0-1"]
[WhiteElo "2504"]
[BlackElo "2492"]
[PlyCount "82"]
[EventDate "2011.11.05"]

1. d4 Nf6 2. c4 g6 3. Nc3 Bg7 4. e4 d6 5. Nf3 O-O 6. h3 e5 7. d5 a5 8. Be3 Na6
9. g4 h5 10. Nh2 hxg4 11. hxg4 Nh7 12. Qf3 Ng5 13. Qg2 Bh6 14. O-O-O Kg7 15. f4
exf4 16. Bxf4 Rh8 17. Bd3 Nh3 18. Bxh6+ Rxh6 19. Nf3 Nf4 20. Qd2 Qh8 21. Rhg1
Nxd3+ 22. Qxd3 Kg8 23. e5 Nc5 24. Qe2 Bd7 25. Qf2 Rf8 26. Kb1 b6 27. Qg3 Rh3
28. Qf4 a4 29. Ne4 Nxe4 30. Qxe4 a3 31. Rdf1 f5 32. Qc2 dxe5 33. bxa3 e4 34.
Ng5 Rh2 35. Rf2 Rxf2 36. Qxf2 fxg4 37. Qg3 e3 38. Qxe3 Bf5+ 39. Kc1 Qa1+ 40.
Kd2 Qxa2+ 41. Ke1 Qxc4 0-1

[Event "First  Saturday 2011 november GM"]
[Site "Budapest"]
[Date "2011.11.12"]
[Round "2.1"]
[White "Ilincic, Zlatko"]
[Black "Goh, Wei Ming Kevin"]
[Result "1/2-1/2"]
[WhiteElo "2447"]
[BlackElo "2543"]
[PlyCount "48"]
[EventDate "2011.11.05"]

1. e4 e5 2. Nf3 Nc6 3. Bb5 a6 4. Ba4 Nf6 5. O-O Be7 6. Re1 b5 7. Bb3 d6 8. c3
O-O 9. h3 Nb8 10. d4 Nbd7 11. Nbd2 Bb7 12. Bc2 Re8 13. Nf1 Bf8 14. Ng3 g6 15.
a4 c5 16. d5 c4 17. Bg5 h6 18. Be3 Qc7 19. Qd2 Kh7 20. Ra3 Nc5 21. Rea1 Reb8
22. axb5 axb5 23. Rxa8 Rxa8 24. Rxa8 Bxa8 1/2-1/2

[Event "First  Saturday 2011 november GM"]
[Site "Budapest"]
[Date "2011.11.12"]
[Round "2.1"]
[White "Inants, Aghasi"]
[Black "Hunt, Adam C"]
[Result "1/2-1/2"]
[WhiteElo "2288"]
[BlackElo "2458"]
[PlyCount "71"]
[EventDate "2011.11.05"]

1. d4 Nf6 2. c4 g6 3. Nc3 Bg7 4. e4 d6 5. Nf3 O-O 6. Be2 e5 7. O-O Nc6 8. d5
Ne7 9. Ne1 Nd7 10. Nd3 f5 11. Bd2 fxe4 12. Nxe4 Nf5 13. Bc3 a5 14. b3 Nf6 15.
Bf3 Nxe4 16. Bxe4 Nd4 17. Bxd4 exd4 18. f4 Bd7 19. Qf3 Qf6 20. Rae1 Rac8 21. g3
c5 22. Nf2 Rce8 23. Kg2 b5 24. Bd3 bxc4 25. bxc4 Bf5 26. Bxf5 Qxf5 27. Ne4 Qd7
28. Re2 Rb8 29. Qa3 Rb4 30. Rc1 a4 31. Nf2 Qf5 32. Qd3 Rfb8 33. Qxf5 gxf5 34.
Nd3 R4b7 35. Kf3 Kf7 36. Rce1 1/2-1/2

[Event "First  Saturday 2011 november GM"]
[Site "Budapest"]
[Date "2011.11.13"]
[Round "2.2"]
[White "Inants, Aghasi"]
[Black "Arnold, Marc T"]
[Result "1/2-1/2"]
[WhiteElo "2288"]
[BlackElo "2504"]
[PlyCount "50"]
[EventDate "2011.11.05"]

1. e4 c5 2. Ne2 d6 3. d4 Nf6 4. Nbc3 cxd4 5. Nxd4 a6 6. Bc4 g6 7. Be3 b5 8. Bb3
Bb7 9. f3 Nbd7 10. Qd2 Qc7 11. O-O-O Rc8 12. Kb1 Ne5 13. g4 Nc4 14. Bxc4 Qxc4
15. Nb3 Bg7 16. Bd4 O-O 17. Na5 Qc7 18. Nxb7 Qxb7 19. Nd5 Nxd5 20. Bxg7 Kxg7
21. exd5 Rh8 22. Rhe1 h5 23. h3 Qa7 24. Re4 hxg4 25. hxg4 Rc7 1/2-1/2

[Event "First  Saturday 2011 november GM"]
[Site "Budapest"]
[Date "2011.11.13"]
[Round "2.2"]
[White "Hunt, Adam C"]
[Black "Czebe, Attila"]
[Result "0-1"]
[WhiteElo "2458"]
[BlackElo "2503"]
[PlyCount "116"]
[EventDate "2011.11.05"]

1. e4 c5 2. Nf3 Nc6 3. d4 cxd4 4. Nxd4 Nf6 5. Nc3 e6 6. Ndb5 Bc5 7. Nd6+ Ke7 8.
Nxc8+ Rxc8 9. Bd3 d5 10. exd5 Nxd5 11. Ne4 Nf6 12. Nxc5 Qa5+ 13. c3 Qxc5 14.
O-O Rhd8 15. Qe2 Ne5 16. Bc2 b5 17. Re1 Nc4 18. a4 b4 19. b3 Na5 20. cxb4 Qxc2
21. Qxc2 Rxc2 22. bxa5 Nd5 23. Ba3+ Kd7 24. Rac1 Rdc8 25. Kf1 g6 26. g3 h5 27.
Rxc2 Rxc2 28. Rc1 Ra2 29. Bc5 a6 30. Rd1 g5 31. h3 f5 32. Ke1 Rb2 33. Rd3 Kc6
34. Be3 f4 35. gxf4 gxf4 36. Bd4 Nb4 37. Rc3+ Kd5 38. Bb6 e5 39. Kf1 Nc2 40.
Kg2 Ke4 41. h4 Ne1+ 42. Kh3 Nf3 43. Bc5 Ng1+ 44. Kg2 Ne2 45. Rc4+ Kd5 46. Bb6
Rxb3 47. Rc8 f3+ 48. Kh3 Rb1 49. Kh2 Rb4 50. Kh3 Rxa4 51. Rd8+ Ke4 52. Ra8 Ra1
53. Kh2 Rg1 54. Rxa6 Rg2+ 55. Kh1 Kf4 56. Bc7 Kg4 57. Rf6 Rxf2 58. Bxe5 Kh3 0-1

[Event "First  Saturday 2011 november GM"]
[Site "Budapest"]
[Date "2011.11.13"]
[Round "2.2"]
[White "Battey, Alexander"]
[Black "Ilincic, Zlatko"]
[Result "1/2-1/2"]
[WhiteElo "2336"]
[BlackElo "2447"]
[PlyCount "31"]
[EventDate "2011.11.05"]

1. e4 e5 2. Nf3 Nf6 3. Nxe5 d6 4. Nf3 Nxe4 5. Nc3 Nf6 6. d4 d5 7. Bg5 Be7 8.
Bd3 Nbd7 9. Qd2 Nf8 10. O-O-O Ne6 11. h4 c6 12. Kb1 h6 13. Be3 Ng4 14. Bf5 Nf8
15. Bxc8 Qxc8 16. Ne5 1/2-1/2